000 00303nam a22001337a 4500
008 181121b xxu||||| |||| 00| 0 eng d
020 _a5800094920599
041 _aeng
080 _26 th
_a510
100 _a37
101 _aMAT
245 _aAcerPlacer Math Simplifield
_cLesson.M
942 _2udc
_cBK
999 _c52282
_d52282